[Event "Ïåðâåíñòâî Ìîñêâû 2017 Ì15"]
[Site ""]
[Date "2017.11.14"]
[Round "4.17"]
[White "Presnyakov, Oleg"]
[Black "Kalita, Daniil"]
[Result "0-1"]
[WhiteElo "1403"]
[BlackElo "1539"]
[PlyCount "97"]
[EventDate "2017.11.11"]

1. e4 c6 2. Nc3 e5 3. Nf3 d6 4. d4 exd4 5. Nxd4 g6 6. Be3 Bg7 7. Be2 Nf6 8. f3
O-O 9. Qd2 d5 10. e5 Ne8 11. f4 Nc7 12. h4 c5 13. Nb3 b6 14. Bf2 Nc6 15. O-O-O
Be6 16. Bf3 Ne7 17. h5 Qd7 18. Rh2 Bg4 19. Bxg4 Qxg4 20. Rdh1 Nf5 21. Nxd5 Nxd5
22. g3 Rfe8 23. Qxd5 Rad8 24. Qg2 g5 25. Qh3 Qxh3 26. Rxh3 gxf4 27. gxf4 Bh6
28. Rf3 Rxe5 29. Kb1 Re4 30. Rg1+ Kf8 31. Nxc5 bxc5 32. Bxc5+ Nd6 33. Rd3 Bxf4
34. Rgd1 Ke7 35. Bxa7 Nb7 36. Bc5+ Ke6 37. Rxd8 Nxd8 38. c3 Nb7 39. Bd4 f5 40.
b4 Bc7 41. a4 f4 42. a5 Nxa5 43. Kc2 Kf5 44. h6 Kg6 45. Kd3 Re6 46. Bg7 f3 47.
Rg1+ Kf7 48. Bd4 Bb6 {????} 49. Bg7 0-1

[Event "Ïåðâåíñòâî Ìîñêâû 2017 Ì15"]
[Site ""]
[Date "2017.11.14"]
[Round "4.18"]
[White "Rustamov, Sezqin"]
[Black "Zlotin, Grigori"]
[Result "0-1"]
[WhiteElo "1694"]
[BlackElo "1479"]
[PlyCount "126"]
[EventDate "2017.11.11"]

1. d4 d5 2. c4 e6 3. Nf3 Nf6 4. Bg5 Be7 5. e3 Nbd7 6. Nc3 b6 7. Bd3 h6 8. Bf4
Bb7 9. Nb5 Rc8 10. Nxa7 Ra8 11. Nb5 Bb4+ 12. Nd2 Rc8 13. O-O O-O 14. a3 Bxd2
15. Qxd2 Ne4 16. Bxe4 dxe4 17. Rac1 Nf6 18. Qb4 Nh5 19. Bg3 Nxg3 20. hxg3 f5
21. c5 Ba6 22. Rfd1 Bxb5 23. Qxb5 Qd5 24. Qc4 Qd7 25. c6 Qd6 26. d5 e5 27. Qb4
Rfd8 28. Qxd6 Rxd6 29. Rc2 g5 30. b4 Ra8 31. Rc3 Kf7 32. Kf1 Kf6 33. Ke2 Rad8
34. Rc2 Rxd5 35. Rxd5 Rxd5 36. Rd2 Ke6 37. Rc2 Kd6 38. Rc3 h5 39. f3 exf3+ 40.
gxf3 b5 41. Rc1 g4 42. Rh1 e4 43. f4 Kxc6 44. Rxh5 Kb7 45. Rh1 c5 46. Rd1 Kc6
47. Rh1 c4 48. Rd1 Rd3 49. Ra1 c3 50. Ra2 Kd5 51. a4 bxa4 52. Rxa4 Kc4 53. Ra7
Kxb4 54. Rb7+ Ka3 55. Ra7+ Kb2 56. Rb7+ Kc2 57. Rb5 Rd6 58. Ke1 Kd3 59. Rxf5
Kxe3 60. Rc5 Kd4 61. Rc8 Ke3 62. Rxc3+ Rd3 63. Rc5 Kf3 0-1

[Event "Ïåðâåíñòâî Ìîñêâû 2017 Ì15"]
[Site ""]
[Date "2017.11.14"]
[Round "4.19"]
[White "Ochirov, Lidzhi"]
[Black "Trofimov, Boris"]
[Result "1-0"]
[WhiteElo "1638"]
[BlackElo "1603"]
[PlyCount "104"]
[EventDate "2017.11.11"]

1. e4 c6 2. d4 d5 3. Nd2 dxe4 4. Nxe4 Nd7 5. Nf3 Ngf6 6. Nxf6+ Nxf6 7. Be2 Bf5
8. c3 e6 9. Bf4 Nd5 10. Bg3 Bd6 11. Qb3 Bxg3 12. hxg3 Qb6 13. Qxb6 axb6 14. Nh4
h6 15. Nxf5 exf5 16. Kd2 Kd7 17. a3 Rae8 18. Rh3 Nf6 19. f3 Nd5 20. Bd3 Ne3 21.
Re1 Nxg2 22. Bxf5+ Kd8 23. Rxe8+ Rxe8 24. Be4 f5 25. Bxf5 Ne3 26. Bd3 Nd5 27.
Rh1 Nc7 28. Rh5 Rf8 29. Rf5 Rxf5 30. Bxf5 Nd5 31. Kd3 b5 32. Ke4 Nb6 33. b3 Nd5
34. c4 bxc4 35. bxc4 Nf6+ 36. Ke5 Ke7 37. Bc8 b6 38. a4 Ne8 39. c5 Kd8 40. Bh3
b5 41. axb5 cxb5 42. Bf1 b4 43. Bc4 Ke7 44. d5 Kd7 45. Bb3 h5 46. Kf5 Nf6 47.
Kg6 Kc7 48. Kxg7 Nd7 49. d6+ Kc6 50. Ba4+ Kxc5 51. Bxd7 b3 52. Bf5 Kxd6 1-0

[Event "Ïåðâåíñòâî Ìîñêâû 2017 Ì15"]
[Site ""]
[Date "2017.11.14"]
[Round "4.20"]
[White "Zaitsev, Yuriy"]
[Black "Ratataev, Ilya"]
[Result "1-0"]
[WhiteElo "1620"]
[BlackElo "1453"]
[PlyCount "73"]
[EventDate "2017.11.11"]

1. e4 c5 2. Nc3 e6 3. g3 d6 4. Bg2 Nc6 5. d3 Nf6 6. f4 Be7 7. Nf3 Qc7 8. Be3
Ng4 9. Bd2 O-O 10. h3 Nf6 11. O-O g6 12. g4 a6 13. f5 d5 14. exd5 Nxd5 15. Nxd5
exd5 16. Bh6 Rd8 17. fxg6 hxg6 18. Qe2 Be6 19. Ng5 Bxg5 20. Bxg5 Re8 21. Qf2
Nb8 22. Rae1 Qc6 23. Bf6 Nd7 24. Bc3 Qd6 25. Bf6 Nxf6 26. Qxf6 Rab8 27. Re5 Qd7
28. Rfe1 b5 29. g5 c4 30. d4 Red8 31. h4 Qa7 32. c3 Kh7 33. Bxd5 Rxd5 34. Rxe6
fxe6 35. Rxe6 Qa8 36. Re7+ Kg8 37. Qg7# 1-0

[Event "Ïåðâåíñòâî Ìîñêâû 2017 Ì15"]
[Site ""]
[Date "2017.11.14"]
[Round "4.21"]
[White "Gornostaev, Yakov"]
[Black "Shekun, Ilya"]
[Result "1-0"]
[WhiteElo "1570"]
[BlackElo "1194"]
[PlyCount "39"]
[EventDate "2017.11.11"]

1. d4 Nf6 2. c4 g6 3. Nc3 d5 4. Nf3 Bg7 5. e3 O-O 6. Be2 b6 7. O-O dxc4 8. Bxc4
Bb7 9. Re1 e6 10. e4 c5 11. e5 Nfd7 12. d5 exd5 13. Bxd5 Qe8 14. e6 fxe6 15.
Bxe6+ Kh8 16. Ng5 h6 17. Qg4 Nc6 18. Nd5 Nf6 19. Nxf6 Rxf6 20. Nf3 {????}
1-0

[Event "Ïåðâåíñòâî Ìîñêâû 2017 Ì15"]
[Site ""]
[Date "2017.11.14"]
[Round "4.22"]
[White "Akopjan, Gor"]
[Black "Lutan, Gleb"]
[Result "0-1"]
[WhiteElo "1465"]
[BlackElo "1599"]
[PlyCount "92"]
[EventDate "2017.11.11"]

1. e4 c6 2. d4 d5 3. exd5 cxd5 4. Bd3 Nc6 5. c3 g6 6. Bf4 Bf5 7. Nf3 Nh6 8. O-O
Bxd3 9. Qxd3 e6 10. Ne5 Bg7 11. Re1 O-O 12. Nd2 Nf5 13. h3 Re8 14. Ndf3 a6 15.
Nxc6 bxc6 16. Be5 Bh6 17. Nh2 f6 18. Bg3 Qb6 19. b4 Qb5 20. Rad1 a5 21. Ng4 Bg7
22. a3 axb4 23. cxb4 Qa4 24. Ra1 Qa7 25. Red1 e5 26. dxe5 fxe5 27. b5 e4 28.
Qb3 Nxg3 29. Qxg3 Bxa1 30. Rxa1 Qd4 31. Nh6+ Kh8 32. Rc1 Qd2 33. Qc3+ Qxc3 34.
Rxc3 cxb5 35. Rc7 Rec8 36. Rd7 Rxa3 37. Nf7+ Kg8 38. Nh6+ Kf8 39. Rxh7 Rc1+ 40.
Kh2 b4 41. Ng4 b3 42. Rb7 d4 43. Rb4 d3 44. Ne3 d2 45. Rxe4 d1=Q 46. Nxd1 Rxd1
0-1

[Event "Ïåðâåíñòâî Ìîñêâû 2017 Ì15"]
[Site ""]
[Date "2017.11.14"]
[Round "4.23"]
[White "Kozhevnikov, Aleksandr"]
[Black "Pavlov, Ivan"]
[Result "0-1"]
[WhiteElo "1315"]
[BlackElo "1494"]
[PlyCount "91"]
[EventDate "2017.11.11"]

1. d4 e6 2. c4 d5 3. Nc3 Nf6 4. Bg5 Nbd7 5. e3 Bb4 6. Nf3 c5 7. cxd5 exd5 8.
Bd3 Qa5 9. Qc2 c4 10. Bf5 h6 11. Bh4 O-O 12. O-O Re8 13. Nd2 Bxc3 14. bxc3 Qa6
15. Rab1 Qc6 16. Bxd7 Nxd7 17. Nf3 Qe6 18. Bg3 Nf6 19. Ne5 Ng4 20. Rfe1 Nxe5
21. Bxe5 a6 22. a4 Qg4 23. Bg3 Bf5 24. Qb2 Bxb1 25. Rxb1 Re7 26. Qb4 Rd7 27.
Qb2 Qe6 28. a5 Re8 29. h3 Qc6 30. Qa2 Qg6 31. Qb2 Rc8 32. Qa2 Qe6 33. Qb2 Rc6
34. Bf4 g5 35. Bg3 h5 36. h4 g4 37. Bf4 Qe4 38. g3 Qe6 39. Qe2 Qg6 40. Rd1 b6
41. axb6 Rxb6 42. Ra1 Rb1+ 43. Rxb1 Qxb1+ 44. Kh2 Qf5 45. Qa2 Rb7 46. Bg5 {
????} 0-1

[Event "Ïåðâåíñòâî Ìîñêâû 2017 Ì15"]
[Site ""]
[Date "2017.11.14"]
[Round "4.24"]
[White "Levkin, Lev"]
[Black "Zagorskii, Artem"]
[Result "1-0"]
[WhiteElo "1812"]
[BlackElo "1612"]
[PlyCount "73"]
[EventDate "2017.11.11"]

1. e4 d5 2. exd5 Nf6 3. d4 Nxd5 4. c4 Nb6 5. Nf3 g6 6. b3 Bg7 7. Bb2 c5 8. Be2
Nc6 9. O-O O-O 10. Qd2 cxd4 11. c5 Nd7 12. Nxd4 Nxd4 13. Bxd4 e5 14. Be3 Qe7
15. b4 e4 16. Nc3 Nf6 17. Rfd1 Be6 18. Bh6 a5 19. Bxg7 Kxg7 20. Qd4 Rfd8 21.
Qe5 axb4 22. Nxe4 Rxd1+ 23. Bxd1 Rd8 24. Bb3 Re8 25. Nd6 Rd8 26. Re1 b6 27.
Nxf7 Qxf7 28. Bxe6 Qb7 29. g4 h6 30. h4 Qb8 31. cxb6 Re8 32. g5 hxg5 33. hxg5
Qxe5 34. Rxe5 Nh5 35. b7 Nf4 36. Bc8 Rxe5 37. b8=Q 1-0

[Event "Ïåðâåíñòâî Ìîñêâû 2017 Ì15"]
[Site ""]
[Date "2017.11.14"]
[Round "4.25"]
[White "Morozov, Fedor"]
[Black "Khromov, Pavel"]
[Result "1/2-1/2"]
[WhiteElo "1607"]
[BlackElo "1368"]
[PlyCount "106"]
[EventDate "2017.11.11"]

1. e4 c5 2. c3 Nf6 3. e5 Nd5 4. d4 e6 5. Nf3 cxd4 6. cxd4 d6 7. Nc3 Nc6 8. Nxd5
exd5 9. h3 dxe5 10. dxe5 Be6 11. Be2 Bb4+ 12. Bd2 Bxd2+ 13. Qxd2 h6 14. O-O O-O
15. Rfe1 Rc8 16. Bd1 a6 17. Bb3 Na5 18. Nd4 Qb6 19. Rac1 Rfd8 20. Red1 Nc4 21.
Bxc4 dxc4 22. Qc3 Rd5 23. Nxe6 Qxe6 24. Rxd5 Qxd5 25. b3 b5 26. Qe3 Rc5 27.
bxc4 Rxc4 28. Rxc4 Qxc4 29. Qd2 Qc7 30. f4 a5 31. Kf2 Qb6+ 32. Qe3 Qe6 33. Qa3
Qb6+ 34. Qe3 Qc7 35. Ke1 b4 36. Kd2 Qc4 37. Qb3 Qxf4+ 38. Kc2 Qxe5 39. Kb1 Qe1+
40. Kb2 Qe2+ 41. Qc2 Qa6 42. Kb3 Qb5 43. Kb2 Kf8 44. Qc8+ Ke7 45. Qc7+ Ke6 46.
Qc8+ Kd5 47. Qf5+ Kc6 48. Qc8+ Kb6 49. Qb8+ Kc5 50. Qe5+ Kb6 51. Qb8+ Kc6 52.
Qe8+ Kc5 53. Qe5+ Kb6 1/2-1/2

[Event "Ïåðâåíñòâî Ìîñêâû 2017 Ì15"]
[Site ""]
[Date "2017.11.14"]
[Round "4.26"]
[White "Zurabian, Vage"]
[Black "Kolobov, Dmitriy"]
[Result "1-0"]
[WhiteElo "1596"]
[BlackElo "1514"]
[PlyCount "67"]
[EventDate "2017.11.11"]

1. e4 e5 2. Nf3 Nc6 3. Bb5 a6 4. Ba4 Nf6 5. O-O Be7 6. Re1 b5 7. Bb3 O-O 8. c3
d6 9. h3 Na5 10. Bc2 c5 11. d4 Qc7 12. d5 Bd7 13. Nbd2 c4 14. Nf1 Nb7 15. Ng3
Nc5 16. Nh4 g6 17. Bg5 Rfe8 18. Qf3 Nxd5 19. Bxe7 Nxe7 20. Re3 Bc6 21. Qf6 Nd7
22. Qg5 f6 23. Qh6 Nf8 24. Nhf5 Nxf5 25. Nxf5 Rad8 26. Rg3 Bb7 27. b3 Bc6 28.
bxc4 bxc4 29. Rd1 Rd7 30. Ne3 Rdd8 31. Nxc4 Bxe4 32. Bxe4 Qxc4 33. Bd5+ Qxd5
34. Rxd5 1-0

[Event "Ïåðâåíñòâî Ìîñêâû 2017 Ì15"]
[Site ""]
[Date "2017.11.14"]
[Round "4.27"]
[White "Soloviev, Vladislav"]
[Black "Sakhin, Leonid"]
[Result "1-0"]
[WhiteElo "1892"]
[BlackElo "1579"]
[PlyCount "53"]
[EventDate "2017.11.11"]

1. e4 e6 2. d4 d5 3. Nd2 dxe4 4. Nxe4 Nd7 5. Nf3 Ngf6 6. Nxf6+ Nxf6 7. c3 Be7
8. Bd3 O-O 9. O-O b6 10. Bf4 Bb7 11. Qe2 Bd6 12. Bg5 Be7 13. Rad1 Qd5 14. a3
Rfd8 15. Rfe1 Qd6 16. Ne5 c5 17. Bxf6 Bxf6 18. Bxh7+ Kf8 19. Bc2 cxd4 20. cxd4
Rac8 21. Bb3 Bd5 22. Bxd5 Qxd5 23. g4 Qb3 24. Rd3 Qa4 25. Nxf7 Kxf7 26. Qxe6+
Kf8 27. Rh3 1-0

[Event "Ïåðâåíñòâî Ìîñêâû"]
[Site "ÐœÐ¾Ñ�ÐºÐ²Ð°"]
[Date "2017.11.15"]
[Round "5.7"]
[White "Vinokur, Leonid"]
[Black "Privalov, Igor"]
[Result "0-1"]
[WhiteElo "1703"]
[BlackElo "1992"]
[PlyCount "110"]
[EventDate "2017.11.11"]

1. d4 Nf6 2. Nf3 d6 3. g3 g6 4. Bg2 Bg7 5. O-O O-O 6. c4 Nbd7 7. Qc2 e5 8. Rd1
Qe7 9. dxe5 dxe5 10. e4 c6 11. h3 h6 12. Be3 Nc5 13. Nc3 a5 14. b3 Nfd7 15. Qd2
Kh7 16. Qd6 Bf6 17. Rac1 Qxd6 18. Rxd6 Be7 19. Rd2 b6 20. Rcd1 Ra7 21. h4 f6
22. h5 g5 23. Bh3 Nb8 24. Bxc8 Rxc8 25. Ne1 Rb7 26. Nd3 Ne6 27. Ne2 Na6 28. Nb2
Nac5 29. f3 Rcc7 30. Nd3 g4 31. Kf2 gxf3 32. Kxf3 Nxd3 33. Rxd3 Bc5 34. Bxc5
bxc5 35. Rd6 Nd4+ 36. Nxd4 cxd4 37. Kg2 Kg7 38. Rf1 a4 39. Rf3 axb3 40. axb3
Rd7 41. Rxd7+ Rxd7 42. Rd3 Rb7 43. g4 Kf7 44. Kf2 Ke6 45. Ke2 Rg7 46. Rg3 Kd6
47. Kd3 Kc5 48. Kc2 Kb4 49. Rg1 Rg8 50. Kb2 d3 51. Rd1 Rd8 52. Ra1 d2 53. Kc2
d1=Q+ 54. Rxd1 Rxd1 55. Kxd1 Kxb3 0-1

[Event "Ïåðâåíñòâî Ìîñêâû"]
[Site "ÐœÐ¾Ñ�ÐºÐ²Ð°"]
[Date "2017.11.15"]
[Round "5.8"]
[White "Kalita, Daniil"]
[Black "Zakirov, Artur"]
[Result "0-1"]
[WhiteElo "1539"]
[BlackElo "1833"]
[PlyCount "39"]
[EventDate "2017.11.11"]

1. e4 e5 2. Nf3 Nc6 3. Bc4 Bc5 4. Nc3 Nf6 5. O-O d6 6. h3 a6 7. d3 Be6 8. Bb3
Qd7 9. Bxe6 fxe6 10. Re1 O-O 11. Na4 Bb6 12. Nxb6 cxb6 13. c3 Rae8 14. d4 exd4
15. cxd4 d5 16. e5 Ne4 17. Be3 Na5 18. Nd2 Nxd2 19. Bxd2 Qb5 20. Qg4 {
íå ïîíÿòíî} 0-1

[Event "Ïåðâåíñòâî Ìîñêâû"]
[Site "ÐœÐ¾Ñ�ÐºÐ²Ð°"]
[Date "2017.11.15"]
[Round "5.9"]
[White "Vdovin, Georgy"]
[Black "Gubanov, Timofey"]
[Result "1-0"]
[WhiteElo "1664"]
[BlackElo "1538"]
[PlyCount "48"]
[EventDate "2017.11.11"]

1. d4 d5 2. Bf4 Nf6 3. Nf3 c6 4. e3 Bf5 5. a3 e6 6. h3 h6 7. c4 Bd6 8. Bxd6
Qxd6 9. c5 Qe7 10. Nc3 Nbd7 11. Bd3 Bxd3 12. Qxd3 e5 13. Qe2 O-O 14. b4 Rfe8
15. O-O a5 16. Qb2 axb4 17. axb4 e4 18. Nd2 Nh7 19. Rxa8 Rxa8 20. Ra1 Rxa1+ 21.
Qxa1 Qd8 22. Nb3 Kf8 23. Qa7 Qb8 24. Qxb8+ Nxb8 {íå ïîíÿòíî} 1-0

[Event "Ïåðâåíñòâî Ìîñêâû"]
[Site "ÐœÐ¾Ñ�ÐºÐ²Ð°"]
[Date "2017.11.15"]
[Round "5.10"]
[White "Zlotin, Grigori"]
[Black "Ivlev, Aleksandr"]
[Result "1-0"]
[WhiteElo "1479"]
[BlackElo "1716"]
[PlyCount "42"]
[EventDate "2017.11.11"]

1. Nf3 d5 2. d4 Nf6 3. c4 e6 4. Nc3 Be7 5. Bf4 c6 6. e3 O-O 7. Bd3 b6 8. O-O
Bb7 9. cxd5 cxd5 10. Re1 Nc6 11. a3 Nh5 12. Bg3 Nxg3 13. hxg3 f5 14. Ne2 Qd6
15. Bb5 a6 16. Bxc6 Bxc6 17. Ne5 Bb5 18. Qd2 Bf6 19. f4 Bxe5 20. dxe5 Qd7 21.
Nc3 Rfc8 {íå ïîíÿòíî} 1-0

[Event "Ïåðâåíñòâî Ìîñêâû"]
[Site "ÐœÐ¾Ñ�ÐºÐ²Ð°"]
[Date "2017.11.15"]
[Round "5.11"]
[White "Zhuk, Kirill"]
[Black "Arbuzov, Timofey"]
[Result "1-0"]
[WhiteElo "2035"]
[BlackElo "1658"]
[PlyCount "85"]
[EventDate "2017.11.11"]

1. d4 Nf6 2. Nf3 d6 3. Bf4 g6 4. e3 Bg7 5. Nbd2 O-O 6. Be2 Nbd7 7. h3 Re8 8.
O-O c5 9. c3 cxd4 10. cxd4 Nb6 11. Bh2 h6 12. Rc1 Bd7 13. Qc2 Rc8 14. Qb1 Rxc1
15. Rxc1 Bf5 16. Bd3 Bxd3 17. Qxd3 Qd7 18. b3 Rc8 19. Rxc8+ Qxc8 20. Nc4 Nfd5
21. Nfd2 Nb4 22. Qb1 Qc6 23. a3 N4d5 24. Qd3 Nxc4 25. Qxc4 Qxc4 26. Nxc4 b6 27.
Kf1 Kf8 28. Ke2 Ke8 29. Kd3 Kd7 30. f3 h5 31. e4 Nc7 32. Bg1 e5 33. d5 Bh6 34.
a4 Ne8 35. b4 Nc7 36. b5 Bf4 37. Bf2 f5 38. Ne3 fxe4+ 39. fxe4 Bg5 40. Nc4 Bf4
41. a5 bxa5 42. Nxa5 Ke7 43. Bxa7 1-0

[Event "Ïåðâåíñòâî Ìîñêâû"]
[Site "ÐœÐ¾Ñ�ÐºÐ²Ð°"]
[Date "2017.11.15"]
[Round "5.12"]
[White "Lupolov, Boris"]
[Black "Zaitsev, Yuriy"]
[Result "1-0"]
[WhiteElo "1847"]
[BlackElo "1620"]
[PlyCount "79"]
[EventDate "2017.11.11"]

1. d4 Nf6 2. c4 g6 3. Nc3 Bg7 4. e4 d6 5. f3 O-O 6. Be3 e5 7. Nge2 Nbd7 8. d5
Nb6 9. b3 Nh5 10. g4 Nf4 11. h4 h6 12. Qd2 Nd7 13. O-O-O Kh7 14. Kc2 a6 15.
Nxf4 exf4 16. Bxf4 Ne5 17. Be2 b5 18. Be3 bxc4 19. bxc4 Bd7 20. Rdg1 Qe8 21. f4
Ba4+ 22. Kc1 Nxc4 23. Bxc4 Rb8 24. Bd4 Bxd4 25. Qxd4 Bb5 26. Nxb5 axb5 27. Bb3
c5 28. dxc6 Qxc6+ 29. Kb2 Qa6 30. h5 g5 31. fxg5 b4 32. Rh2 Qa3+ 33. Kb1 f6 34.
gxh6 Rf7 35. Bxf7 b3 36. Bg6+ Kg8 37. h7+ Kg7 38. h6+ Kxg6 39. axb3 Rxb3+ 40.
Rb2 1-0

[Event "Ïåðâåíñòâî Ìîñêâû"]
[Site "ÐœÐ¾Ñ�ÐºÐ²Ð°"]
[Date "2017.11.15"]
[Round "5.13"]
[White "Smelykh, Edvin"]
[Black "Gornostaev, Yakov"]
[Result "1-0"]
[WhiteElo "1861"]
[BlackElo "1570"]
[PlyCount "107"]
[EventDate "2017.11.11"]

1. e4 e6 2. d4 d5 3. Nd2 c5 4. Ngf3 Nc6 5. exd5 exd5 6. Bb5 Bd7 7. O-O Be7 8.
dxc5 Nf6 9. Nb3 O-O 10. h3 Rc8 11. Bxc6 Rxc6 12. Nfd4 Rc8 13. Bf4 Re8 14. Qf3
Bxc5 15. Nxc5 Rxc5 16. Bg5 Rc4 17. Bxf6 Qxf6 18. Qxf6 gxf6 19. c3 b5 20. a3 a5
21. Rfe1 Rcc8 22. Rxe8+ Rxe8 23. Kf1 Kf8 24. Re1 Rb8 25. Re3 Rc8 26. Ke2 Rc4
27. Nb3 a4 28. Nd4 Rc8 29. Kd3 Re8 30. Rxe8+ Kxe8 31. Nf3 Ke7 32. Kd4 Kd6 33.
Nh2 h6 34. Nf1 f5 35. f4 Be6 36. Ng3 Kc6 37. Nh5 Kd6 38. Ng3 Kc6 39. Ne2 Kd6
40. Ng1 Kc6 41. Nf3 Kd6 42. Ne5 h5 43. Nf3 Kc6 44. Ng1 f6 45. Ne2 Bf7 46. Ng3
Bg6 47. Nf1 Kd6 48. Ne3 h4 49. Nxd5 Be8 50. Ne3 Ke6 51. Kc5 Bd7 52. Nc2 Bc8 53.
Nd4+ Ke7 54. Kxb5 1-0

[Event "Ïåðâåíñòâî Ìîñêâû"]
[Site "ÐœÐ¾Ñ�ÐºÐ²Ð°"]
[Date "2017.11.15"]
[Round "5.15"]
[White "Nikulshin, Alexey"]
[Black "Agabekov, Saveliy"]
[Result "1/2-1/2"]
[WhiteElo "1437"]
[BlackElo "1830"]
[PlyCount "96"]
[EventDate "2017.11.11"]

1. e4 d6 2. d4 Nf6 3. Nc3 Nbd7 4. Nf3 e5 5. Bd3 Be7 6. O-O O-O 7. h3 c6 8. Be3
Qc7 9. Bc4 a6 10. Re1 b5 11. Bd3 Bb7 12. a3 Rfe8 13. Qd2 exd4 14. Bxd4 c5 15.
Bxf6 Bxf6 16. Rad1 Rad8 17. b3 Re7 18. Nd5 Bxd5 19. exd5 Rde8 20. c4 Qb7 21.
Rxe7 Rxe7 22. Ng5 g6 23. Ne4 Be5 24. Qa5 Qb6 25. Qxb6 Nxb6 26. cxb5 axb5 27.
Bxb5 f5 28. Ng5 h6 29. Nf3 Bb2 30. a4 Bc3 31. Bc6 Kg7 32. Rd3 Ba5 33. Re3 Rxe3
34. fxe3 Kf6 35. g4 fxg4 36. hxg4 h5 37. gxh5 gxh5 38. e4 c4 39. bxc4 Nxc4 40.
Kf2 Ne5 41. Nxe5 Kxe5 42. Kf3 Bc3 43. Bd7 Kd4 44. Bf5 Kc5 45. Kg3 Kb4 46. Bd7
Be5+ 47. Kh4 Ka5 48. Kxh5 Bh2 1/2-1/2

[Event "Ïåðâåíñòâî Ìîñêâû"]
[Site "ÐœÐ¾Ñ�ÐºÐ²Ð°"]
[Date "2017.11.15"]
[Round "5.16"]
[White "Pavlov, Ivan"]
[Black "Kurus, Artem"]
[Result "0-1"]
[WhiteElo "1494"]
[BlackElo "1829"]
[PlyCount "39"]
[EventDate "2017.11.11"]

1. e4 e5 2. Nf3 Nf6 3. Nxe5 d6 4. Nf3 Nxe4 5. Nc3 Nxc3 6. dxc3 Be7 7. Bf4 Nd7
8. Qd2 Nc5 9. O-O-O O-O 10. Ne1 Re8 11. Nd3 Ne4 12. Qe3 Bf6 13. Re1 Re7 14. Qf3
Ng5 15. Bxg5 Bxg5+ 16. Kb1 Rxe1+ 17. Nxe1 Qe8 18. Bc4 Bf6 19. Nd3 c6 20. Re1 {
íå ïîíÿòíî} 0-1

[Event "Ïåðâåíñòâî Ìîñêâû"]
[Site "ÐœÐ¾Ñ�ÐºÐ²Ð°"]
[Date "2017.11.15"]
[Round "5.17"]
[White "Makhauri, Eli"]
[Black "Ochirov, Lidzhi"]
[Result "0-1"]
[WhiteElo "1719"]
[BlackElo "1638"]
[PlyCount "64"]
[EventDate "2017.11.11"]

1. d4 Nf6 2. c4 e6 3. Nc3 d5 4. e3 Be7 5. Bd2 b6 6. Rc1 O-O 7. cxd5 exd5 8. Bd3
c5 9. Nge2 Bb7 10. O-O Nbd7 11. f3 Re8 12. a3 a6 13. Be1 Bd6 14. Bf2 c4 15. Bb1
b5 16. Ng3 Bxg3 17. hxg3 Qb6 18. Re1 a5 19. e4 dxe4 20. fxe4 b4 21. d5 Qd8 22.
Nb5 Ne5 23. axb4 Ba6 24. Nd4 axb4 25. b3 c3 26. Nf3 Nfd7 27. Nxe5 Nxe5 28. Bc2
Qd6 29. Qd4 Nd7 30. Bd1 Ne5 31. Bc2 Ng4 32. Qc5 Qh6 0-1

[Event "Ïåðâåíñòâî Ìîñêâû"]
[Site "ÐœÐ¾Ñ�ÐºÐ²Ð°"]
[Date "2017.11.15"]
[Round "5.18"]
[White "Zurabian, Vage"]
[Black "Levkin, Lev"]
[Result "0-1"]
[WhiteElo "1596"]
[BlackElo "1812"]
[PlyCount "57"]
[EventDate "2017.11.11"]

1. e4 c5 2. Nf3 Nc6 3. d4 cxd4 4. Nxd4 Nf6 5. Nc3 e5 6. Ndb5 d6 7. Bg5 a6 8.
Na3 b5 9. Nd5 Be7 10. Bxf6 Bxf6 11. c3 Bg5 12. Bd3 O-O 13. O-O Ne7 14. c4 Nxd5
15. exd5 b4 16. Nc2 a5 17. g3 Bh6 18. f4 exf4 19. gxf4 Bxf4 20. Bxh7+ Kh8 21.
Qh5 Qg5+ 22. Qxg5 Bxg5 23. Bf5 Bf6 24. Rab1 Bxf5 25. Rxf5 Rfe8 26. b3 Re2 27.
Rf3 Rae8 28. Rbf1 Bd8 29. Nd4 {íå ïîíÿòíî} 0-1

[Event "Ïåðâåíñòâî Ìîñêâû"]
[Site "ÐœÐ¾Ñ�ÐºÐ²Ð°"]
[Date "2017.11.15"]
[Round "5.19"]
[White "Kireev, Igor"]
[Black "Drobin, Maxim"]
[Result "0-1"]
[WhiteElo "1707"]
[BlackElo "1634"]
[PlyCount "61"]
[EventDate "2017.11.11"]

1. e4 e6 2. d4 d5 3. e5 c5 4. c3 Nc6 5. Be3 Qb6 6. Qd2 cxd4 7. cxd4 Nge7 8. Nf3
Ng6 9. Nc3 Bd7 10. h4 Nge7 11. Bd3 h6 12. Rc1 a6 13. O-O g6 14. h5 Nf5 15. hxg6
fxg6 16. Bxf5 gxf5 17. Rfd1 O-O-O 18. a3 Kb8 19. b4 Na7 20. Bf4 Bc6 21. Rb1 Bb5
22. Rbc1 Bc4 23. Na4 Qb5 24. Nc5 Qe8 25. Qc2 Rg8 26. Nd2 Qg6 27. g3 Qg4 28.
Nxc4 dxc4 29. Qxc4 Bxc5 30. bxc5 Qxf4 31. Qxe6 {íå ïîíÿòíî} 0-1

[Event "Ïåðâåíñòâî Ìîñêâû"]
[Site "ÐœÐ¾Ñ�ÐºÐ²Ð°"]
[Date "2017.11.15"]
[Round "5.20"]
[White "Ivanov, Stepan"]
[Black "Knjazev, Artem"]
[Result "0-1"]
[WhiteElo "1580"]
[BlackElo "1612"]
[PlyCount "69"]
[EventDate "2017.11.11"]

1. d4 d5 2. c4 e6 3. Nf3 Nf6 4. g3 Nbd7 5. Bg2 Be7 6. O-O O-O 7. Qc2 c6 8. b3
Re8 9. Nc3 Bd6 10. e4 dxe4 11. Nxe4 Nxe4 12. Qxe4 Nf6 13. Qd3 a5 14. Rd1 Bd7
15. Bb2 Be7 16. Ne5 Qc7 17. Rac1 Red8 18. Qe2 Be8 19. Rd3 a4 20. g4 Nd7 21.
Nxd7 Qxd7 22. Rh3 Bg5 23. f4 Bf6 24. Rd1 c5 25. g5 Bxd4+ 26. Bxd4 cxd4 27. Qh5
h6 28. gxh6 f6 29. Qg4 g6 30. f5 exf5 31. Qh4 Kh7 32. Qxf6 Ra6 33. Qf8 Qf7 34.
Qc5 Bc6 {íå ïîíÿòíî} 35. Rxd4 0-1

[Event "Ïåðâåíñòâî Ìîñêâû"]
[Site "ÐœÐ¾Ñ�ÐºÐ²Ð°"]
[Date "2017.11.15"]
[Round "5.21"]
[White "Boger, Juri"]
[Black "Presnyakov, Oleg"]
[Result "1/2-1/2"]
[WhiteElo "1641"]
[BlackElo "1403"]
[PlyCount "64"]
[EventDate "2017.11.11"]

1. e4 c5 2. c3 d5 3. exd5 Qxd5 4. Qf3 Qe5+ 5. Qe2 Nc6 6. Qxe5 Nxe5 7. f4 Nc6 8.
Bc4 e6 9. Nf3 a6 10. a4 b6 11. d3 Bb7 12. O-O Rd8 13. Ng5 h6 14. Ne4 Na5 15.
Nbd2 Nxc4 16. dxc4 a5 17. Re1 Be7 18. Ng3 Bh4 19. f5 Bxg3 20. hxg3 Kd7 21.
fxe6+ fxe6 22. Nf3 Bxf3 23. gxf3 Nf6 24. Bf4 Rhe8 25. Rad1+ Kc8 26. Rxd8+ Kxd8
27. Be5 Ke7 28. Bc7 Nd7 29. Kf2 Rc8 30. Be5 Nxe5 31. Rxe5 Rd8 32. Ke2 Rf8
1/2-1/2

[Event "Ïåðâåíñòâî Ìîñêâû "]
[Site "ÐœÐ¾Ñ�ÐºÐ²Ð°"]
[Date "2017.11.15"]
[Round "5.22"]
[White "Ratataev, Ilya"]
[Black "Soloviev, Vladislav"]
[Result "0-1"]
[WhiteElo "1453"]
[BlackElo "1892"]
[PlyCount "116"]
[EventDate "2017.11.11"]

1. e4 c5 2. c3 d6 3. d4 Nf6 4. Nd2 e5 5. Ngf3 Bg4 6. dxe5 dxe5 7. Qa4+ Bd7 8.
Qb3 Qc7 9. Ng5 Bg4 10. Bc4 Bh5 11. O-O h6 12. Ngf3 Nc6 13. Re1 g5 14. Bd3 O-O-O
15. Qc2 Be7 16. a3 Nd7 17. h3 g4 18. hxg4 Bxg4 19. Nh2 Rdg8 20. Nxg4 Rxg4 21.
Be2 Rg7 22. b4 Rhg8 23. g3 Nf6 24. bxc5 Bxc5 25. Nf1 Qd7 26. Kg2 h5 27. Rd1 Qe6
28. Qd3 h4 29. Be3 Be7 30. a4 Rh7 31. a5 Nd7 32. a6 b6 33. Qd5 hxg3 34. fxg3
Nc5 35. Bb5 Qxd5 36. Rxd5 Kc7 37. Bxc6 Kxc6 38. Rxe5 Bd6 39. Rf5 Nxe4 40. Bf4
Rhg7 41. Bxd6 Kxd6 42. Re1 Nc5 43. Ra1 Kc6 44. Nd2 Rd8 45. Ra2 Nxa6 46. Ne4 Kb7
47. Raf2 Rd7 48. Rxf7 Rdxf7 49. Rxf7+ Rxf7 50. Nd6+ Kc6 51. Nxf7 Kd5 52. Kf3
Nc5 53. Ng5 Ke5 54. g4 a5 55. Ke3 Kf6 56. Ne4+ Nxe4 57. Kxe4 Kg5 58. Kd3 Kxg4
0-1

[Event "Ïåðâåíñòâî Ìîñêâû "]
[Site "ÐœÐ¾Ñ�ÐºÐ²Ð°"]
[Date "2017.11.15"]
[Round "5.23"]
[White "Khromov, Pavel"]
[Black "Rustamov, Sezqin"]
[Result "1-0"]
[WhiteElo "1368"]
[BlackElo "1694"]
[PlyCount "51"]
[EventDate "2017.11.11"]

1. e4 c5 2. Nf3 Nc6 3. d4 cxd4 4. Nxd4 Qb6 5. Nb3 Nf6 6. Nc3 e6 7. Be3 Qc7 8.
f3 Be7 9. Qd2 O-O 10. O-O-O a6 11. g4 b5 12. h4 Bb4 13. h5 Bxc3 14. Qxc3 b4 15.
Qd2 a5 16. g5 a4 17. gxf6 axb3 18. Qg2 g6 19. hxg6 fxg6 20. Rxh7 Kxh7 21. Qg5
Rf7 22. Qh6+ Kg8 23. Qxg6+ Kf8 24. Bh6+ Ke8 25. Qg8+ Rf8 26. Qxf8# 1-0

[Event "Ïåðâåíñòâî Ìîñêâû "]
[Site "ÐœÐ¾Ñ�ÐºÐ²Ð°"]
[Date "2017.11.15"]
[Round "5.24"]
[White "Trofimov, Boris"]
[Black "Akopjan, Gor"]
[Result "1-0"]
[WhiteElo "1603"]
[BlackElo "1465"]
[PlyCount "83"]
[EventDate "2017.11.11"]

1. e4 c5 2. c3 d5 3. exd5 Qxd5 4. d4 cxd4 5. cxd4 Nc6 6. Nf3 Nf6 7. Nc3 Qd8 8.
d5 Nb8 9. Bf4 Bg4 10. Nb5 Qa5+ 11. Qd2 Qxd2+ 12. Kxd2 Na6 13. d6 Ne4+ 14. Ke3
Nxd6 15. Ne5 Be6 16. Rd1 f6 17. Nxd6+ exd6 18. Bb5+ Ke7 19. Nc4 Kf7 20. Nxd6+
Bxd6 21. Rxd6 Nb4 22. Rhd1 Nc6 23. Bxc6 bxc6 24. Rxc6 Rhc8 25. Rxc8 Rxc8 26. a3
Rc2 27. b4 Rc3+ 28. Rd3 Rxd3+ 29. Kxd3 Ke7 30. b5 Kd7 31. Bb8 Bd5 32. Bxa7 Bxg2
33. a4 Kc7 34. Kc4 Kb7 35. Bd4 Bf3 36. a5 Be2+ 37. Kc5 Bf3 38. a6+ Ka8 39. b6
Be2 40. b7+ Ka7 41. Kc6+ Kxa6 42. b8=Q 1-0